LEADER 00998nam0-2200361---450- 001 990008348240403321 005 20060620141231.0 010 $a88-15-10802-5 035 $a000834824 035 $aFED01000834824 035 $a(Aleph)000834824FED01 035 $a000834824 100 $a20060620d2005----km-y0itay50------ba 101 0 $aita 102 $aIT 105 $a--------001cy 200 1 $aBiblioteche e societą$fPaolo Traniello 210 $aBologna$cil Mulino$d©2005 215 $a186 p.$d21 cm 225 1 $aSaggi$v642 320 $aContiene bibl. (pp. 175-186 ) 610 0 $aBiblioteche$aRelazione con la societą 610 0 $aBiblioteche$aFunzione sociale 676 $a021.2$v21$zita 676 $a027.4$v21$zita 700 1$aTraniello,$bPaolo$f<1938- >$038988 801 0$aIT$bUNINA$gRICA$2UNIMARC 901 $aBK 912 $a990008348240403321 952 $a021.2 TRA 1$b3231$fBFS 959 $aBFS 996 $aBiblioteche e societą$9722055 997 $aUNINA LEADER 01339nam--2200361---450 001 990002871650203316 005 20230524092651.0 010 $a88-370-4605-7 035 $a000287165 035 $aUSA01000287165 035 $a(ALEPH)000287165USA01 035 $a000287165 100 $a20070222h2006----km-y0itay50------ba 101 0 $aita 102 $aIT 105 $aa|||b|||001yy 200 1 $aAndrea Mantegna e i Gonzaga: Rinascimento nel Castello di San Giorgio$fa cura di Filippo Trevisani 210 $aMilano$cElecta$d2006 215 $a307 p.$cill.$d28 cm 300 $aCatalogo della Mostra tenuta a Mantova nel 2006-2007. - In testa al frontespizio: Ministero per i beni e le attivitą culturali, Soprintendenza per il patrimonio storico artistico ed etnoantropologico di Brescia, Cremona e Mantova 517 $aAndrea Mantegna e i Gonzaga 600 1$aMantegna,$bAndrea$xEsposizioni$z2006-2007 606 0 $aArte$yMantova$zSec. 15.$xEsposizioni$z2006-2007 676 $a709.45281 702 1$aMANTEGNA,$bAndrea 702 1$aTREVISANI,$bFilippo 801 0$aIT$bsalbc$gISBD 912 $a990002871650203316 951 $aXII.2.B. 1208$b194511 L.M.$cXII.2.$d00120856 959 $aBK 969 $aUMA 996 $aAndrea Mantegna e i Gonzaga: Rinascimento nel Castello di San Giorgio$9991490 997 $aUNISA LEADER 02333nam 2200529 a 450 001 9910790263903321 005 20230801223149.0 010 $a1-59332-505-3 035 $a(CKB)2670000000186636 035 $a(EBL)1057788 035 $a(OCoLC)818819093 035 $a(SSID)ssj0000622540 035 $a(PQKBManifestationID)12291079 035 $a(PQKBTitleCode)TC0000622540 035 $a(PQKBWorkID)10642457 035 $a(PQKB)11276589 035 $a(MiAaPQ)EBC1057788 035 $a(Au-PeEL)EBL1057788 035 $a(CaPaEBR)ebr10511651 035 $a(EXLCZ)992670000000186636 100 $a20110829d2012 uy 0 101 0 $aeng 135 $aur|n|---||||| 181 $ctxt 182 $cc 183 $acr 200 10$aAccess to information as a human right$b[electronic resource] /$fCheryl Ann Bishop 210 $aEl Paso $cLFB Scholarly Pub.$d2012 215 $a1 online resource (241 p.) 225 1 $aLaw and society 300 $aDescription based upon print version of record. 311 $a1-59332-459-6 320 $aIncludes bibliographical references and index. 327 $aFreedom-of-expression conceptualization -- Information-privacy conceptualization -- Right-to-a-healthy-environment conceptualization -- Right-to-truth conceptualization -- Conclusions. 330 $aConceptualizing access to government information as a human right is a new development in the global trend promoting institutional transparency. Bishop provides a comprehensive examination of international human rights law and explains four conceptualizations of access to information as a human right. Rights to information have been linked to the right to free expression, the right to privacy, and the right to a healthy environment, and the right to the truth about human rights abuses. She concludes that a human right to access information is evolving in disparate ways. The current evolution o 410 0$aLaw and society (New York, N.Y.) 606 $aFreedom of information 615 0$aFreedom of information. 676 $a342.08/53 700 $aBishop$b Cheryl Ann$f1964-$01562653 801 0$bMiAaPQ 801 1$bMiAaPQ 801 2$bMiAaPQ 906 $aBOOK 912 $a9910790263903321 996 $aAccess to information as a human right$93830454 997 $aUNINA